| 000 | 00377cam a2200145ua 4500 | ||
|---|---|---|---|
| 003 | OSt | ||
| 008 | 250415b |||||||| |||| 00| 0 eng d | ||
| 041 | _aeng | ||
| 082 |
_a624.15136 _bSIN/SO |
||
| 100 |
_aSingh, Alam . _97416 |
||
| 245 | _aSoil engineering: In theory and practice / | ||
| 260 |
_aMumbai : _bAsia Publishing House , _c1967. |
||
| 300 | _a805 ; . | ||
| 942 | _cBK | ||
| 999 |
_c10458 _d10458 |
||